000 00854nas a2200289 4500
001 BR0102605
003 BR-BrBNA
005 20231205102244.0
007 ta
008 230509b bl.|||p| |||| 00| 00por d
040 _aBR-BrBNA
_bpor
_cBiblioteca Nacional de Agricultura
041 _a(Pt)
072 _aL53
100 1 _aCavalcante, F.A.
100 1 _aMartins Filho, R.
100 1 _aCampello, C.C.
100 1 _aLobo, R.N.B.
100 1 _aMartins, G.A.
245 1 _aIntervalo de partos em rebanho Nelore na Amazonia Oriental
650 _aGado Nelore
650 _aReproducao Animal
650 _aIntervalo de Parto
650 _aMaranhao
773 0 _tRevista Brasileira de Zootecnia (Brazil)
_xISSN 1516-3598
_g(Sep-Oct 2000), v. 29(5) p. 1327-1333
_wBR0102605
909 _a202311
_bLúcia
_c55
_dLúcia Elande
942 _2AGRIS
_n0
_cANA
999 _c166591
_d166591